LIBRARY & INFORMATION CENTRE, KCAET, TAVANUR

ONLINE PUBLIC ACCESS CATALOGUE (OPAC)

Normal view MARC view
  • Vinayak N Gharpure

Entry Personal Name

Number of records used in: 3

001 - CONTROL NUMBER

  • control field: 6623

003 - CONTROL NUMBER IDENTIFIER

  • control field: OSt

005 - DATE AND TIME OF LATEST TRANSACTION

  • control field: 20241226153229.0

008 - FIXED-LENGTH DATA ELEMENTS

  • fixed length control field: 241226|| aca||aabn | a|a d

040 ## - CATALOGING SOURCE

  • Original cataloging agency: OSt
  • Transcribing agency: OSt

100 ## - HEADING--PERSONAL NAME

  • Personal name: Vinayak N Gharpure

670 ## - SOURCE DATA FOUND

  • Source citation: Work cat.: (OSt)18775: Vinayak N Gharpure, Text Book of Sanitary Egineering
free website counter